00248nam a2200097Ia 4500008004100000041000800041100001100049245005100060260002600111650001300137221007s9999 xx 000 0 und d aeng aJun-06 aPC Quest: Tech Video:Software Google Sketch up bCyber media Ind. Ltd. aComputer